| 000 | 00440nam a22001577a 4500 | ||
|---|---|---|---|
| 005 | 20260408130258.0 | ||
| 008 | 260408b |||||||| |||| 00| 0 eng d | ||
| 082 |
_a354.5491 _bEXP-G |
||
| 100 | _aGovernment of Pakistan | ||
| 245 | _aExplanatory Memorandum on Federal Receipts 2002-2003 | ||
| 260 |
_aIslamabad _bFinance Division _c2003 |
||
| 300 | _a74 P. | ||
| 500 | _aGifted by Dr.Salman Hassan | ||
| 650 | _aAccountig | ||
| 942 | _cBK | ||
| 999 |
_c47258 _d47258 |
||